• 首页
  • 本馆介绍
  • 公告通知
  • 最新文献
  • 馆藏检索
  • 电子资源
  • 读者导购
  • 参考咨询
  • 我的图书馆
  • 登录
  • 详细信息显示
  • 放入我的书架
  • 预约/预借图书
  • 作者相关作品
  • 分类相关作品
  • 丛书相关作品
  • 出版社相关作品

书目信息

  • 表格格式
  • 工作单格式
  • 卡片格式
题名:
钱商
    
 
作者: Hailey , 黑利 著 ;陆谷孙 译
分册:  
出版信息: 上海   上海译文出版社  1981
页数: 635页
开本: 19cm
丛书名:
单 册:
中图分类: I711.45
科图分类:
主题词: 长篇小说--加拿大--现代
电子资源:
ISBN:
000 00777nam0 2200277 45
001 0181003169
005 20060914095140.35
010    @dCNY1.45
091    @aCN@b10188.216
100    @a19950703d1981 em y0chiy0121 ea
101 1  @achi@ceng
102    @aCN@b310000
105    @ay z 000ay
200 10 @a钱商@Aqian shang@f(加拿大)黑利(A.Hailey)著@g陆谷孙等译@Glu gu sun deng yi
210    @a上海@c上海译文出版社@d1981
215    @a635页@d19cm
300    @a书名原文:The Moneychangers
510 1  @aThe Moneychangers@zeng
606    @a长篇小说@y加拿大@z现代
690    @aI711.45@v3
701 A1 @aHailey@bA.@4著
701  1 @a黑利@Ahei li@bA.@4著
702  0 @a陆谷孙@Alu gu sun@4译
801  2 @aCN@bNLC@c20060914
801  0 @aCN@bTSSF
905    @a10447@dI711.45@e17
    
    钱商/(加拿大)黑利(A.Hailey)著/陆谷孙等译.-上海:上海译文出版社,1981
    635页;19cm
    书名原文:The Moneychangers
    
    ISBN :CNY1.45
    
●
相关链接 在E读中查询图书 在五车中查询图书 在当当中查询图书 在豆瓣中查询图书


正题名:钱商     索取号:I711.45/17         预约/预借

序号 登录号 条形码 馆藏地/架位号 状态 备注
1 0473648   204736483   密集书库/ [索取号:I711.45/17] 在馆    
唐山师范学院图书馆 欢迎您!
大连网信软件有限公司© 版权所有